|
|
|
|
| LEADER |
01514nam a2200373 a 4500 |
| 001 |
37974 |
| 003 |
BD-DhAAL |
| 005 |
20220307161317.0 |
| 008 |
220307t2003 nyu b 001 0 eng |
| 999 |
|
|
|c 43693
|d 43693
|
| 010 |
|
|
|a 2003106733
|
| 020 |
|
|
|a 1593080506 (pbk.)
|
| 035 |
|
|
|a (DLC) 2003106733
|
| 040 |
|
|
|a DLC
|c DLC
|d DLC
|d BD-DhAAL
|
| 050 |
0 |
0 |
|a PS1541
|b .A6 2003
|
| 082 |
|
|
|a 811.4
|2 23
|
| 100 |
1 |
|
|a Dickinson, Emily,
|d 1830-1886.
|9 46565
|
| 240 |
1 |
0 |
|a Poems.
|k Selections
|
| 245 |
1 |
4 |
|a The collected poems of Emily Dickinson /
|c with an introduction and notes by Rachel Wetzsteon.
|
| 260 |
|
|
|a New York :
|b Barnes & Noble Classics,
|c c2003.
|
| 300 |
|
|
|a xxxv, 361 pages ;
|c 21 cm.
|
| 490 |
|
|
|a Barnes & Noble classics
|
| 504 |
|
|
|a Includes bibliographical references (p. 337-341) and index.
|
| 541 |
|
|
|a Donated by Akbar Ali Khan
|e 37974
|
| 600 |
|
|
|a Dickinson, Emily, 1830-1886
|d 1830-1886
|9 46566
|
| 650 |
|
|
|a American poetry
|9 46567
|
| 650 |
|
|
|a Women poets, American
|9 46568
|
| 650 |
|
|
|a American poetry
|x Women authors
|9 46569
|
| 700 |
1 |
|
|a Wetzsteon, Rachel.
|9 46570
|
| 830 |
|
|
|a Barnes & Noble classics
|9 46571
|
| 852 |
|
|
|a Ayesha Abed Library
|c Akbar Ali Khan Collection
|
| 856 |
4 |
2 |
|3 Contributor biographical information
|u http://www.loc.gov/catdir/enhancements/fy0711/2003106733-b.html
|
| 942 |
|
|
|2 ddc
|c BK
|
| 952 |
|
|
|0 0
|1 0
|2 ddc
|4 0
|6 811_400000000000000_DIC
|7 1
|9 70029
|a BRACUL
|b BRACUL
|c AAKC
|d 2022-03-07
|e Donated by Akbar Ali Khan
|l 0
|o 811.4 DIC
|p 3010037974
|r 2022-03-07
|t 1
|w 2022-03-07
|y BK
|